|
|
|
|
| LEADER |
00000nam a2200000Ia 4500 |
| 008 |
170203b2010 mx ||||| |||| 00| | spa d |
| 999 |
|
|
|c 469
|d 469
|
| 020 |
|
|
|a 9781936291250
|
| 090 |
|
|
|a 13.03.02
|b 1935
|
| 100 |
1 |
|
|9 1675
|a Ordoñez Laclé, Camila
|
| 245 |
1 |
0 |
|a Contra viento y marea: mujeres trabajadoras domésticas, migrantes nicaragüenses, navegando en el mundo de las nuevas tecnologías de la información y la computación /
|c Camila Ordoñez Laclé
|
| 260 |
|
|
|a México :
|b Fondo de Desarrollo de las Naciones Unidas para la Mujer,
|c 2010
|
| 300 |
|
|
|a 131 páginas
|
| 650 |
1 |
4 |
|a TRABAJO DOMESTICO
|9 2382
|
| 650 |
1 |
4 |
|a MUJERES
|9 55
|
| 650 |
1 |
4 |
|a TRABAJADORES
|9 933
|
| 650 |
1 |
4 |
|a MERCADO DE TRABAJO
|9 571
|
| 651 |
|
4 |
|a COSTA RICA
|9 47
|
| 942 |
|
|
|i 002562
|h 13.03.02 1935
|2 z
|c 01
|